Central Library OPAC University of Rajshahi

These thirteen / (Record no. 76854)

MARC details
000 -LEADER
fixed length control field 01020nam a2200277 a 4500
001 - CONTROL NUMBER
control field 76854
003 - CONTROL NUMBER IDENTIFIER
rucl marc code BD-RjUL
005 - DATE AND TIME OF LATEST TRANSACTION
control field 20211209082910.0
008 - FIXED-LENGTH DATA ELEMENTS--GENERAL INFORMATION
fixed length control field 200127s1958 enk 000 0 eng d
035 ## - SYSTEM CONTROL NUMBER
System control number oxf98310389
System control number (BD-RjUL)77078
040 ## - CATALOGING SOURCE
Original cataloging agency AZN
Transcribing agency AZN
Modifying agency m.c
-- EQO
-- BD-RjUL
Language of cataloging eng
041 ## - LANGUAGE CODE
Language code of text/sound track or separate title eng
082 ## - DEWEY DECIMAL CLASSIFICATION NUMBER
Edition number 23
Classification number 813.5
Author mark and year FAT 1958
100 1# - MAIN ENTRY--PERSONAL NAME
Personal name Faulkner, William,
Dates associated with a name 1897-1962.
9 (RLIN) 238460
245 10 - TITLE STATEMENT
Title These thirteen /
Statement of responsibility, etc. William Faulkner
260 ## - PUBLICATION, DISTRIBUTION, ETC. (IMPRINT)
Place of publication, distribution, etc. London :
Name of publisher, distributor, etc. Chatto & Windus,
Date of publication, distribution, etc. 1958
300 ## - PHYSICAL DESCRIPTION
Pagination 272 p. ;
Size 20 cm
490 1# - SERIES STATEMENT
Series statement Collected short stories / William Faulkner ;
Volume/sequential designation 2
500 ## - GENERAL NOTE
General note Short stories
505 0# - FORMATTED CONTENTS NOTE
Formatted contents note A rose for Emily -- Hair -- Dry September -- That evening sun -- Red leaves -- A justice -- Ad astra -- Victory -- Crevasse -- All the dead pilots -- Mistral -- Divorce in Naples -- Carcassonne
600 ## - SUBJECT ADDED ENTRY--PERSONAL NAME
Personal name Faulkner, William
Dates associated with a name 1897-1962
650 ## - SUBJECT ADDED ENTRY--TOPICAL TERM
Topical term or geographic name as entry element American fiction
9 (RLIN) 238461
830 ## - SERIES ADDED ENTRY--UNIFORM TITLE
Uniform title Collected short stories / William Faulkner ;
Volume number/sequential designation 2
942 ## - ADDED ENTRY ELEMENTS (KOHA)
Source of classification or shelving scheme Dewey Decimal Classification
Koha item type Books
Holdings
Lost status Source of classification or shelving scheme Damaged status Not for loan Collection code Permanent Location Current Location Shelving location Date acquired Source of acquisition Cost, normal purchase price Total Checkouts Full call number Date last seen Copy number Koha item type
  Dewey Decimal Classification   Not For Loan Fiction Central Library, University of Rajshahi Central Library, University of Rajshahi Reading Room 14/03/1964 Zeitlinger 15.00   813.5 FAT 1958 27/01/2020 C-1 Books